<?xml version="1.0" encoding="UTF-8"?>
<record
    xmlns:xsi="http://www.w3.org/2001/XMLSchema-instance"
    xsi:schemaLocation="http://www.loc.gov/MARC21/slim http://www.loc.gov/standards/marcxml/schema/MARC21slim.xsd"
    xmlns="http://www.loc.gov/MARC21/slim">

  <leader>01723nam2a22002771  4500</leader>
  <controlfield tag="001">RU\NLR\INFOCOMM55\1000058769</controlfield>
  <controlfield tag="005">20250617112152.0</controlfield>
  <datafield tag="035" ind1=" " ind2=" ">
    <subfield code="a">(NLR Aleph) 002571267</subfield>
  </datafield>
  <datafield tag="090" ind1=" " ind2=" ">
    <subfield code="a">3191709</subfield>
    <subfield code="c">3191709</subfield>
  </datafield>
  <datafield tag="100" ind1=" " ind2=" ">
    <subfield code="a">20040608d1983    |||y0rusy50      ca</subfield>
  </datafield>
  <datafield tag="101" ind1="0" ind2=" ">
    <subfield code="a">rus</subfield>
  </datafield>
  <datafield tag="102" ind1=" " ind2=" ">
    <subfield code="a">RU</subfield>
  </datafield>
  <datafield tag="105" ind1=" " ind2=" ">
    <subfield code="a">y   |||||||||</subfield>
  </datafield>
  <datafield tag="200" ind1="1" ind2=" ">
    <subfield code="a">&#x41C;&#x430;&#x43B;&#x43E;&#x448;&#x443;&#x43C;&#x44F;&#x449;&#x438;&#x435; &#x421;&#x412;&#x427; &#x43F;&#x43E;&#x43B;&#x435;&#x432;&#x44B;&#x435; &#x442;&#x440;&#x430;&#x43D;&#x437;&#x438;&#x441;&#x442;&#x43E;&#x440;&#x44B; &#x441; &#x431;&#x430;&#x440;&#x44C;&#x435;&#x440;&#x43E;&#x43C; &#x428;&#x43E;&#x442;&#x442;&#x43A;&#x438;</subfield>
    <subfield code="f">&#x410;.&#x411;. &#x415;&#x433;&#x443;&#x434;&#x438;&#x43D;</subfield>
  </datafield>
  <datafield tag="210" ind1=" " ind2=" ">
    <subfield code="d">1983</subfield>
    <subfield code="a">&#x411;. &#x43C;.</subfield>
  </datafield>
  <datafield tag="225" ind1="1" ind2=" ">
    <subfield code="a">...</subfield>
    <subfield code="v">&#x412;&#x44B;&#x43F;.927</subfield>
    <subfield code="i">...</subfield>
    <subfield code="v">1983, &#x412;&#x44B;&#x43F;.1</subfield>
  </datafield>
  <datafield tag="461" ind1=" " ind2="0">
    <subfield code="1">001RU\NLR\INFOCOMM55\1000056712</subfield>
    <subfield code="1">2001#$a&#x41E;&#x431;&#x437;&#x43E;&#x440;&#x44B; &#x43F;&#x43E; &#x44D;&#x43B;&#x435;&#x43A;&#x442;&#x440;&#x43E;&#x43D;&#x43D;&#x43E;&#x439; &#x442;&#x435;&#x445;&#x43D;&#x438;&#x43A;&#x435;$f&#x41C;-&#x432;&#x43E; &#x44D;&#x43B;&#x435;&#x43A;&#x442;&#x440;&#x43E;&#x43D;&#x43D;&#x43E;&#x439; &#x43F;&#x440;&#x43E;&#x43C;-&#x441;&#x442;&#x438; &#x421;&#x421;&#x421;&#x420;. &#x418;&#x43D;-&#x442; "&#x42D;&#x43B;&#x435;&#x43A;&#x442;&#x440;&#x43E;&#x43D;&#x438;&#x43A;&#x430;"$v&#x412;&#x44B;&#x43F;.927</subfield>
    <subfield code="9">3197280</subfield>
    <subfield code="c">&#x41C;.</subfield>
    <subfield code="d">1968-</subfield>
    <subfield code="f">&#x41C;-&#x432;&#x43E; &#x44D;&#x43B;&#x435;&#x43A;&#x442;&#x440;&#x43E;&#x43D;&#x43D;&#x43E;&#x439; &#x43F;&#x440;&#x43E;&#x43C;-&#x441;&#x442;&#x438; &#x421;&#x421;&#x421;&#x420;. &#x418;&#x43D;-&#x442; "&#x42D;&#x43B;&#x435;&#x43A;&#x442;&#x440;&#x43E;&#x43D;&#x438;&#x43A;&#x430;"</subfield>
    <subfield code="t">&#x41E;&#x431;&#x437;&#x43E;&#x440;&#x44B; &#x43F;&#x43E; &#x44D;&#x43B;&#x435;&#x43A;&#x442;&#x440;&#x43E;&#x43D;&#x43D;&#x43E;&#x439; &#x442;&#x435;&#x445;&#x43D;&#x438;&#x43A;&#x435;</subfield>
    <subfield code="v">&#x412;&#x44B;&#x43F;.927</subfield>
  </datafield>
  <datafield tag="462" ind1=" " ind2="0">
    <subfield code="1">001RU\NLR\INFOCOMM55\1000056549</subfield>
    <subfield code="1">2001#$a&#x41E;&#x431;&#x437;&#x43E;&#x440;&#x44B; &#x43F;&#x43E; &#x44D;&#x43B;&#x435;&#x43A;&#x442;&#x440;&#x43E;&#x43D;&#x43D;&#x43E;&#x439; &#x442;&#x435;&#x445;&#x43D;&#x438;&#x43A;&#x435;$i&#x421;&#x435;&#x440;&#x438;&#x44F; &#x41F;&#x43E;&#x43B;&#x443;&#x43F;&#x440;&#x43E;&#x432;&#x43E;&#x434;&#x43D;&#x438;&#x43A;&#x43E;&#x432;&#x44B;&#x435; &#x43F;&#x440;&#x438;&#x431;&#x43E;&#x440;&#x44B;$f&#x41C;-&#x432;&#x43E; &#x44D;&#x43B;&#x435;&#x43A;&#x442;&#x440;&#x43E;&#x43D;&#x43D;&#x43E;&#x439; &#x43F;&#x440;&#x43E;&#x43C;-&#x441;&#x442;&#x438; &#x421;&#x421;&#x421;&#x420;. &#x418;&#x43D;-&#x442; "&#x42D;&#x43B;&#x435;&#x43A;&#x442;&#x440;&#x43E;&#x43D;&#x438;&#x43A;&#x430;"$v1983, &#x412;&#x44B;&#x43F;.1</subfield>
    <subfield code="9">3190557</subfield>
    <subfield code="c">&#x41C;.</subfield>
    <subfield code="d">1970-</subfield>
    <subfield code="f">&#x41C;-&#x432;&#x43E; &#x44D;&#x43B;&#x435;&#x43A;&#x442;&#x440;&#x43E;&#x43D;&#x43D;&#x43E;&#x439; &#x43F;&#x440;&#x43E;&#x43C;-&#x441;&#x442;&#x438; &#x421;&#x421;&#x421;&#x420;. &#x418;&#x43D;-&#x442; "&#x42D;&#x43B;&#x435;&#x43A;&#x442;&#x440;&#x43E;&#x43D;&#x438;&#x43A;&#x430;"</subfield>
    <subfield code="i">&#x421;&#x435;&#x440;&#x438;&#x44F; &#x41F;&#x43E;&#x43B;&#x443;&#x43F;&#x440;&#x43E;&#x432;&#x43E;&#x434;&#x43D;&#x438;&#x43A;&#x43E;&#x432;&#x44B;&#x435; &#x43F;&#x440;&#x438;&#x431;&#x43E;&#x440;&#x44B;</subfield>
    <subfield code="t">&#x41E;&#x431;&#x437;&#x43E;&#x440;&#x44B; &#x43F;&#x43E; &#x44D;&#x43B;&#x435;&#x43A;&#x442;&#x440;&#x43E;&#x43D;&#x43D;&#x43E;&#x439; &#x442;&#x435;&#x445;&#x43D;&#x438;&#x43A;&#x435;. - &#x41E;&#x431;&#x437;&#x43E;&#x440;&#x44B; &#x43F;&#x43E; &#x44D;&#x43B;&#x435;&#x43A;&#x442;&#x440;&#x43E;&#x43D;&#x43D;&#x43E;&#x439; &#x442;&#x435;&#x445;&#x43D;&#x438;&#x43A;&#x435;</subfield>
    <subfield code="v">1983, &#x412;&#x44B;&#x43F;.1</subfield>
  </datafield>
  <datafield tag="700" ind1=" " ind2="1">
    <subfield code="a">&#x415;&#x433;&#x443;&#x434;&#x438;&#x43D;</subfield>
    <subfield code="b">&#x410;.&#x411;.</subfield>
    <subfield code="4">070</subfield>
  </datafield>
  <datafield tag="801" ind1=" " ind2="1">
    <subfield code="a">RU</subfield>
    <subfield code="b">InfoComm</subfield>
    <subfield code="c">20040608</subfield>
  </datafield>
  <datafield tag="801" ind1=" " ind2="0">
    <subfield code="a">RU</subfield>
    <subfield code="b">NLR</subfield>
    <subfield code="g">PSBO</subfield>
  </datafield>
  <datafield tag="852" ind1=" " ind2=" ">
    <subfield code="a">NLR</subfield>
    <subfield code="j">&#x41F;51/94</subfield>
  </datafield>
  <datafield tag="942" ind1=" " ind2=" ">
    <subfield code="c">ISSUE</subfield>
  </datafield>
  <datafield tag="980" ind1=" " ind2=" ">
    <subfield code="a">NB</subfield>
  </datafield>
  <datafield tag="980" ind1=" " ind2=" ">
    <subfield code="a">RUSPER</subfield>
  </datafield>
</record>
